| 000 | 00607nam a2200145 a 4500 | ||
|---|---|---|---|
| 005 | 20140513081046.0 | ||
| 008 | 020925s19uu xx 00 eng d | ||
| 050 |
_aKIT 371.307 8 _bTo55 1997 |
||
| 245 | _aTouch and learn, ages 4-7. | ||
| 260 |
_aChina : _bBest Learning Materials Corp, _c1997. |
||
| 300 | _a16question cards(double sided) | ||
| 500 | _afeatures: comfortable handle; two probes match question and answer; high quality of voice and flashing eyes; card storage at the back of the machine; 16 questions cards double sided - 320 question all. | ||
| 650 | _aElectronic learning | ||
| 999 |
_c116163 _d116163 |
||